|
|
แสดงรายละเอียดบรรณานุกรม |
|
|
Brief Record
: Get Marc (ISO 2709)
: E-mail record
: |
|
|
| LEADER 00000nam 2200000uu 4500 | |||
| 001 213456 | |||
| 003 ULIBM | |||
| 008 230628s||||||||th 000 0 tha d | |||
| 020 ^a978-616-04-5071-8 | |||
| 040 ^abcnkk | |||
| 041 1 ^atha | |||
| 050 4 ^aWT116^bอ773อ 2563 | |||
| 100 1 ^aอี, กึนฮู | |||
| 245 10 ^aอยู่ถึง 100 ปีอย่างมีค่าและกล้าที่จะแก่ /^cLee Geunhu เขียน ; ธัชชาธีรปกรณ์ชัย แปล | |||
| 250 ^aพิมพ์ครั้งที่ 1 | |||
| 260 ^aกรุงเทพฯ :^bนานมีบุ๊คส์,^c2563 | |||
| 300 ^a251 หน้า ;^c21 ซม. | |||
| 650 4 ^aการดำเนินชีวิต | |||
| 650 4 ^aสุขภาพและอนามัย | |||
| 650 4 ^aผู้สูงอายุ^xการดำเนินชีวิต | |||
| 650 4 ^aผู้สูงอายุ^xสุขภาพและอนามัย | |||
| 700 0 ^aธัชชา ธีรปกรณ์ชัย,^eผู้แปล | |||
| 700 12 ^aLee, Geunhu.^tHow to live happy life for 100 years | |||
| 999 ^aใช้งานได้ทุกระบบ | |||
| คุณยังไม่ได้ล็อกอิน คุณสามารถมีกิจกรรมร่วมกับเว็บไซต์ได้ แต่ต้องล็อกอินก่อน :: |
|
| สถานะ | |||||||||
| 1. | หนังสือทั่วไป | WT116 อ773อ 2563 ฉ.1 | On Shelf ขอยืม | ||||||
| Note:จัดซื้อปีงบฯ 2564 | |||||||||
| 2. | หนังสือทั่วไป | WT116 อ773อ 2563 ฉ.2 | On Shelf ขอยืม | ||||||
| Note:จัดซื้อปีงบฯ 2564 | |||||||||
| 3. | หนังสือทั่วไป | WT116 อ773อ 2563 ฉ.3 | On Shelf ขอยืม | ||||||
| Note:จัดซื้อปีงบฯ 2564 | |||||||||
| 4. | หนังสือทั่วไป | WT116 อ773อ 2563 ฉ.4 | On Shelf ขอยืม | ||||||
| Note:จัดซื้อปีงบฯ 2564 | |||||||||
| 5. | หนังสือทั่วไป | WT116 อ773อ 2563 ฉ.5 | On Shelf ขอยืม | ||||||
| Note:จัดซื้อปีงบฯ 2564 | |||||||||
| [แสดง 5/5 รายการ] | |||||||||
BibComment |
| คอมเมนท์ทรัพยากรรายการนี้ |
|
|